LEADER 01416nam a2200301 i 4500 001 000000114004 003 CaOOAMICUS 005 20030408000000.0 008 030408s1996 gw u000 u ger u 013 $a86690 020 $a3-451-23697-4 040 $aSeMil$bita 100 1 $aNogosek, Robert J.$0(OLS)http://semarc/name/47700 240 10$aNine portraits of Jesus : discovering Jesus through the enneagramm.$0(OLS)http://semarc/title/166554 245 14$aDas Jesus Enneagramm /$cRobert J. Nogosek ; aus dem Amerikanischen übersetzt und mit einer Einführung versehen von Bernardin Schellenberger. 260 $aFreiburg ; Basel ; Wien :$bHerder,$ccopyr. 1996. 300 $a137 p., [3] p. di schema ;$c20 cm. 500 $aFondo Card. C.M. Martini. 650 4$aGesł Cristo - Interpretazione simbolica.$0(OLS)http://semarc/subject/20729 650 4$aGesł Cristo - Enneagramma.$0(OLS)http://semarc/subject/20730 700 1 $aSchellenberger, Bernardin,$c.$0(OLS)http://semarc/name/37676 850 $aSeMil 852 $aSeMil$W1$xVenegono$y1$m2D V 187$j69626$B69626$CSeMilBibl$Z2$F103516 $81 941 1 $a4 961 $aOmaggio: Martini Card. Carlo Maria 996 $6020$a3-451-23697-4$9(OLS)http://semarc/number/97194 996 $6245$aDas Jesus Enneagramm$9(OLS)http://semarc/title/166553 996 $6260$aFreiburg ; Basel ; Wien :$bHerder$9(OLS)http://semarc/publisher/29643 LEADER 01346nam a2200301 i 4500 001 000000116118 003 CaOOAMICUS 005 20030610000000.0 008 030610s1997 it u000 u ita u 013 $a88807 020 $a88-16-43309-4 040 $aSeMil$bita 100 1 $aPoirel, Dominique,$d<1961- >.$0(OLS)http://semarc/name/3685 245 10$aUgo di San Vittore :$bstoria, scienza, contemplazione /$cDominique Poirel. 260 $aMilano :$bJaca Book,$ccopyr. 1997. 260 $aMilano :$bISTeM : Jaca book,$ccopyr. 1997. 300 $a149 p. ;$c21 cm. 490 0 $aEreditą medievale : storia della teologia da Agostino a Erasmo da Rotterdam ;$v97./9 500 $aContiene : Bibliografia. 600 04$aUgo : di San Vittore <1096-1141>.$0(OLS)http://semarc/subject/11343 830 0$aEreditą medievale ;$v97./9.$0(OLS)http://semarc/title/422 850 $aSeMil 852 $aSeMil$W1$xVenegono$y1$m2N II 309$j71599$B71599$CSeMilBibl$Z2$F77001 $81 961 $aSottoscrizione: Jaca Book 996 $6020$a88-16-43309-4$9(OLS)http://semarc/number/100153 996 $6245$aUgo di San Vittore :$bstoria, scienza, contemplazione$9(OLS)http://semarc/title/170221 996 $6260$aMilano :$bISTeM : Jaca book$9(OLS)http://semarc/publisher/29780 996 $6260$aMilano :$bJaca Book$9(OLS)http://semarc/publisher/29781